000 00813nam a2200229 a 4500
001 64329
003 BD-RjUL
005 20211209081308.0
008 170213s2005 bg ||||| |||| 00| 0 ben d
020 _a9843220721
_c: Tk.60.00
035 _a(BD-RjUL)64459
040 _aBD-RjUL
_bben
_cBD-RjUL
_dBD-RjUL
041 _aben
082 _223
_a891.441
_bISM 2005
100 _aইসলাম, আনোয়ারুল
_9178152
245 1 0 _aমেঘের আড়ি মেঘের বাড়ি /
_cআনোয়ারুল ইসলাম
260 _aঢাকা :
_bঅনি আলমগীর,
_c২০০৫
300 _a৪৮ পৃ. :
_bচিত্র ;
_c২৫ সেমি.
650 _aবাংলা কবিতা
_9117445
650 _aBengali Poetry
_9146528
942 _2ddc
_cBK
999 _c64329
_d64329